Principios de economía (Registro nro. 5022)
[ vista simple ]
| 000 -LEADER | |
|---|---|
| fixed length control field | 02271 a2200253 4500 |
| 001 - CONTROL NUMBER | |
| control field | 52902 |
| 005 - DATE AND TIME OF LATEST TRANSACTION | |
| control field | 20260407155803.0 |
| 008 - FIXED-LENGTH DATA ELEMENTS--GENERAL INFORMATION | |
| fixed length control field | 260407a1998 arg spa d |
| 003 - CONTROL NUMBER IDENTIFIER | |
| control field | AR-UNSa-BCEJYS |
| 040 ## - CATALOGING SOURCE | |
| Original cataloging agency | AR-UNSa-BCEJYS |
| Language of cataloging | spa |
| Transcribing agency | AR-UNSa-BCEJYS |
| 080 ## - UNIVERSAL DECIMAL CLASSIFICATION NUMBER | |
| Universal Decimal Classification number | 330 |
| Common auxiliary subdivision | Economía en general |
| 020 ## - INTERNATIONAL STANDARD BOOK NUMBER | |
| International Standard Book Number | 84-481-1422-1 |
| 041 ## - LANGUAGE CODE | |
| Language code of text/sound track or separate title | spa |
| 100 1# - MAIN ENTRY--PERSONAL NAME | |
| Personal name | Mankiw, N. Gregory |
| 245 10 - TITLE STATEMENT | |
| Title | Principios de economía |
| 264 #1 - PRODUCTION, PUBLICATION, DISTRIBUTION, MANUFACTURE, AND COPYRIGHT NOTICE | |
| Place of production, publication, distribution, manufacture | Madrid : |
| Name of producer, publisher, distributor, manufacturer | McGraw-Hill |
| Date of production, publication, distribution, manufacture, or copyright notice | 1998 |
| 300 ## - PHYSICAL DESCRIPTION | |
| Extent | xxxvii, 726 p. |
| Dimensions | 25 cm. |
| 505 ## - FORMATTED CONTENTS NOTE | |
| Formatted contents note | 1. Los diez principios de la economía - 2. Pensar como un economista - 3. Interdependencia y ganancias derivadas del comercio - 4. Las fuerzas de mercado de la oferta y la demanda - 5. La elasticidad y su aplicación - 6. La oferta,la demanda y la política económica - 7. Los consumidores,los productores y la eficiencia de los mercados - 8. Aplicación:Los costes de la tributación - 9. Aplicación:El comercio internacional - 10. Las externalidades - 11. Los bienes públicos y los recursos comunes - 12. La elaboración del sistema tributario - 13. Los costes de producción - 14. Las empresas de los mercados competitivos - 15. El monopolio - 16. El oligopolio 17. La competencia monopolística - 18. Los meracdos de factores de producción - 19. Los ingresos y la discriminación - 20. La distribución de la renta - 21. La teoría de la elección del consumidor - 22. La medición de la renta de un país - 23. La medición del coste de la vida - 24. La producción y el crecimiento - 25. El ahorro,la inversión y el sistema financiero - 26. La tasa natural de desempleo - 27. El sistema monetario - 28. La inflación:sus causas y sus costes - 29. Macroeconomía de la economía abierta:conceptos básicos - 30. Una teoría macroeconómica de la economía abierta - 31. La demanda y la oferta agregadas - 32. La influencia de la política monetaria y fiscal en la demanda agregada - 33. La disyuntiva a corto plazo entre la inflación y el desempleo - 34. Cinco debates sobre la politíca macroeconómica |
| 590 ## - LOCAL NOTE (RLIN) | |
| Local note | niveau_biblio:m niveau_hierar:0 |
| 700 1# - ADDED ENTRY--PERSONAL NAME | |
| Personal name | Rabasco Espáriz, Esther |
| 700 1# - ADDED ENTRY--PERSONAL NAME | |
| Personal name | Toharia Cortés, Luis |
| 856 41 - ELECTRONIC LOCATION AND ACCESS | |
| Uniform Resource Identifier | <a href="https://www.biblioeco.unsa.edu.ar/pmb/images/libros/L128335.jpg">https://www.biblioeco.unsa.edu.ar/pmb/images/libros/L128335.jpg</a> |
| Link text | Imagen de portada |
| Electronic format type | image/jpeg |
| 942 ## - ADDED ENTRY ELEMENTS (KOHA) | |
| Koha item type | |
| Withdrawn status | Lost status | Damaged status | Not for loan | Home library | Current library | Shelving location | Date acquired | Total checkouts | Full call number | Barcode | Date last seen | Price effective from | Koha item type |
|---|---|---|---|---|---|---|---|---|---|---|---|---|---|
| Biblioteca Prof. Eusebio Cleto del Rey | Biblioteca Prof. Eusebio Cleto del Rey | 07/04/2026 | 330 M266 | L128335 | 07/04/2026 | 07/04/2026 | Libro |